|
|
|
|
| LEADER |
01137nam a2200289 a 4500 |
| 001 |
AAL7290 |
| 003 |
BD-DhAAL |
| 005 |
20230105105410.0 |
| 008 |
171012s1988 enk b 001 0 eng d |
| 010 |
|
|
|a 00042058
|
| 040 |
|
|
|a BD-DhAAL
|c BD-DhAAL
|
| 082 |
0 |
0 |
|a 821/.709/071
|2 21
|
| 100 |
|
|
|a Eliot, T. S.
|9 22486
|
| 245 |
1 |
0 |
|a A study guide to modern poetry /
|c T. S. Eliot
|
| 260 |
|
|
|a Dhaka :
|b Friends' Book Corner,
|a 2006
|
| 300 |
|
|
|a xiii, 218 p. ;
|c 22 cm.
|
| 490 |
1 |
|
|a Study guides
|
| 541 |
1 |
|
|e 7290
|
| 650 |
|
0 |
|a English poetry
|y 19th century
|x Examinations
|v Study guides.
|9 22487
|
| 650 |
|
0 |
|a English poetry
|y 19th century
|x Outlines, syllabi, etc.
|9 22488
|
| 650 |
|
0 |
|a Romanticism
|z England
|x Examinations
|v Study guides.
|9 22489
|
| 650 |
|
0 |
|a Romanticism
|z England
|v Outlines, syllabi, etc.
|9 22490
|
| 830 |
|
|
|a Study guides
|9 28042
|
| 852 |
4 |
|
|a Savar Campus Library
|j General shelf
|
| 942 |
|
|
|2 ddc
|c BK
|
| 999 |
|
|
|c 38427
|d 38427
|
| 952 |
|
|
|0 0
|1 0
|2 ddc
|4 0
|6 821_000000000000000__709_071_ELI
|7 0
|9 61559
|a SCL
|b SCL
|c GEN
|d 2017-10-12
|e Friends' Book Corner
|g 100.00
|l 3
|m 5
|o 821.709071 ELI
|p 3020007290
|r 2022-06-05
|s 2022-05-29
|t 1
|w 2017-10-12
|y BK
|